| 000 | 01156nam a2200301 a 4500 | ||
|---|---|---|---|
| 001 | 67567 | ||
| 003 | BD-RjUL | ||
| 005 | 20211209081654.0 | ||
| 008 | 170327s1967 enka b 001 0 eng d | ||
| 035 | _a(BD-RjUL) 67698 | ||
| 040 |
_aDLC/ICU _cICU _dBD-RjUL _beng |
||
| 041 | 1 | _aengrus | |
| 082 | 0 | 0 |
_a530.144 _223 _bKIF 1967 |
| 100 | 1 |
_aKirzhnit︠s︡, D. A. _q(David Abramovich) _9200203 |
|
| 245 | 1 | 0 |
_aField theoretical methods in many-body systems / _c[by] D.A. Kirzhnit︠s︡. Translated by A.J. Meadows. Edited by D.M. Brink. |
| 250 | _a[1st English ed.]. | ||
| 260 |
_aNew York : _bPergamon Press _cc1967. |
||
| 300 |
_axvi, 394 p. : _billus. ; _c23 cm. |
||
| 504 | _aIncludes Index & Bibliography: p. 385-389. | ||
| 650 | 0 |
_aMany-body problem. _9200204 |
|
| 650 | 0 |
_aQuantum field theory. _9200205 |
|
| 650 | 0 |
_aParticles (Nuclear physics) _9200206 |
|
| 700 |
_aTranslated by Meadows A.J. Edited by Brink D.M _9200207 |
||
| 856 |
_3International series of monographs in natural philosophy _uv. 8 |
||
| 942 |
_2ddc _cBK |
||
| 999 |
_c67567 _d67567 |
||